G. Marcel
Guardat en:
| Autor principal: | |
|---|---|
| Format: | Llibre |
| Idioma: | espanyol |
| Publicat: |
Buenos Aires
Centro Editor de América Latina
1967
|
| Edició: | 1a. ed |
| Col·lecció: | Enciclopedia del Pensamiento Esencial, 6
|
| Matèries: | |
| Etiquetes: |
Afegir etiqueta
Sense etiquetes, Sigues el primer a etiquetar aquest registre!
|
MARC
| LEADER | 00000cam a2200000 a 4500 | ||
|---|---|---|---|
| 001 | UCE3197 | ||
| 003 | CL-VaPUC | ||
| 005 | 20230307114914.0 | ||
| 008 | 140821e19670000ag |||||||||||||||||spa|d | ||
| 999 | |c 356620 |d 356618 | ||
| 040 | |c Pontificia Universidad Católica de Valparaíso | ||
| 082 | 0 | 4 | |a 921.4 |b PRE |2 21 |
| 100 | 0 | |a Presas, Mario A |e author |9 575696 | |
| 245 | 1 | 0 | |a G. Marcel |
| 250 | |a 1a. ed | ||
| 260 | |a Buenos Aires |b Centro Editor de América Latina |c 1967 | ||
| 300 | |a 116 p | ||
| 490 | 0 | |a Enciclopedia del Pensamiento Esencial, 6 | |
| 583 | |a last modification |c 20140821 14:35:00 |k Rodrigo Vera | ||
| 600 | 0 | |a Marcel, Gabriel |d 1889-1973 |9 862359 | |
| 650 | 0 | |a Biografías |9 255210 | |
| 650 | 0 | |a Filosofía francesa |9 255698 | |
| 650 | 7 | |a DRAMATURGOS FRANCESES |2 CL-VaPUC |9 345333 | |
| 942 | |c BK |2 ddc | ||
| 945 | |d 20140821 14:35:00 |a arojas | ||
| 952 | |0 0 |1 0 |3 erb |4 0 |6 921_400000000000000_PRE_1967 |7 0 |8 A |9 464076 |a BIBEDU |b BIBEDU |i 5002702 |o 921.4 PRE 1967 |p 5002702 |r 2019-11-23 |w 2019-11-23 |y BK |z Catalogado en:20140821 |k FIL | ||